| 000 | 00683nam a22001817a 4500 | ||
|---|---|---|---|
| 999 |
_c171219 _d171219 |
||
| 005 | 20210908101829.0 | ||
| 010 | _aENG-127299 | ||
| 020 |
_c119500 _a9789353282165 |
||
| 035 | _aEN-110831 | ||
| 037 | _bDBAD/PUB. | ||
| 082 | _a320.6072054 | ||
| 245 |
_aStrengthening Policy Research: _brole of think tank initiative in South Asia / _cedited by Sukhadeo Thorat, Ajaya Dixit [and] samar verma. |
||
| 260 |
_aNew Delhi _bSage Publications India . _c2019 |
||
| 270 |
_aB1/I-1, Mohan Cooperative Industrial Area Mathura Road Post Bag 7 _bNew Delhi _e110044 |
||
| 300 |
_axxxiii,393p. _c22cm.(hb) |
||
| 500 | _aIt includes index | ||
| 942 |
_2ddc _cEN _mSTR _h320.6072054 |
||